000 00300 a2200145 4500
001 164435
020 _a
040 _cMagnum
100 _aGuzzo, Raquel Souza Lobo
240 1 0 _aPsicologia escolar
_lpor
245 1 0 _aPsicologia escolar
362 0 _a1899
697 _aPSICOLOGIA
942 _cBK
999 _c164435
_d164435